Construction technology (Record no. 103682)

MARC details
000 -LEADER
fixed length control field 01275cam a2200277 4500
008 - FIXED-LENGTH DATA ELEMENTS--GENERAL INFORMATION
fixed length control field 040727n2005 000 0 eng u
020 ## - INTERNATIONAL STANDARD BOOK NUMBER
International Standard Book Number 1405102101
035 ## - SYSTEM CONTROL NUMBER
System control number (Sirsi) u126936
041 ## - LANGUAGE CODE
Language code of text/sound track or separate title eng
050 ## - LIBRARY OF CONGRESS CALL NUMBER
Classification number 690
-- 22
100 ## - MAIN ENTRY--PERSONAL NAME
Personal name Fleming, Eric
245 ## - TITLE STATEMENT
Title Construction technology
Remainder of title an illustrated introduction
260 ## - PUBLICATION, DISTRIBUTION, ETC.
Place of publication, distribution, etc. Oxford
Name of publisher, distributor, etc. Blackwell
Date of publication, distribution, etc. 2005
300 ## - PHYSICAL DESCRIPTION
Extent xii, 386p.
Other physical details ill.
Dimensions 25cm.
350 ## - PRICE (NR) (BK AM CF MU VM SE) [OBSOLETE]
Price 22.50
520 ## - SUMMARY, ETC.
Summary, etc. Written for students and newcomers to the construction industry, this book provides a comprehensive introduction to every aspect of low-rise construction, with detailed drawings. Chapters cover the fundamentals of construction (brick and block construction, foundations, walls, floors, roofs, doors and windows, stairs, plumbing, heating and electrical work) and illustrate the most common technical problems that occur on site, with solutions. Appendices cover various construction materials and techniques, drawing symbols and conventions, and selected British Standards.
590 ## - LOCAL NOTE (RLIN)
Local note NB
590 ## - LOCAL NOTE (RLIN)
Local note NB
650 ## - SUBJECT ADDED ENTRY--TOPICAL TERM
Topical term or geographic name entry element CONSTRUCTION TECHNIQUES
650 ## - SUBJECT ADDED ENTRY--TOPICAL TERM
Topical term or geographic name entry element BUILT ENVIRONMENT-BUILDING MATERIALS
650 ## - SUBJECT ADDED ENTRY--TOPICAL TERM
Topical term or geographic name entry element BUILDING TECHNOLOGY
650 ## - SUBJECT ADDED ENTRY--TOPICAL TERM
Topical term or geographic name entry element LOW-RISE BUILDINGS
690 ## - LOCAL SUBJECT ADDED ENTRY--TOPICAL TERM (OCLC, RLIN)
Topical term or geographic name as entry element BUILT ENVIRONMENT
942 ## - ADDED ENTRY ELEMENTS (KOHA)
Suppress in OPAC 0
Holdings
Withdrawn status Lost status Source of classification or shelving scheme Damaged status Not for loan Home library Current library Shelving location Date acquired Cost, normal purchase price Total Checkouts Full call number Barcode Date last seen Date last checked out Copy number Cost, replacement price Price effective from Koha item type
    Dewey Decimal Classification     London London Books 07/02/2005 22.50 2 690 FLE 30067465 06/08/2019 24/03/2005 1 22.50 06/08/2019 Book